Guatemala - Statistics

Estatísticas Gerais
  • Esse quiz foi jogado 8 vezes
  • A pontuação média é 7 de 15
Estatísticas das Respostas
Hint Resposta % Correto
Onde fica? América Central
100%
Qual é a sua capital? Cidade da Guatemala
100%
De que país é independente? Espanha
100%
Qual é o seu idioma? Espanhol
100%
Qual é o desporto mais popular? Futebol
86%
Qual é a sua religião? Cristianismo
71%
Que civilização viveu no país? Maias
43%
Que cereal abunda na alimentação do país? Milho
43%
O que significa a cor branca na bandeira? Paz
29%
Qual é a sua moeda? Quetzal
29%
Qual é o seu prato típico? Chuchitos
0%
Que jóia é mais produzida? Jade
0%
O que significa a cor azul na bandeira? Oceanos
0%
Qual é a dança tradicional? Rabinal Achí
0%
Qual é a bebida mais consumida? Rum
0%
Nenhum quiz correspondente encontrado
Distribuição das Pontuações
Porcentagem de Pessoas com Cada Pontuação
Percentil de Números Respondidos
Sua Pontuação Histórica
Você não jogou esse quiz